| 000 | 00805nam a22002535i 4500 | ||
|---|---|---|---|
| 999 |
_c57710 _d57710 |
||
| 001 | 20586132 | ||
| 005 | 20221105204340.0 | ||
| 008 | 180717s2019 pau 000 0 eng | ||
| 010 | _a 2018951883 | ||
| 020 | _a9780323546348 (pbk.) 1 | ||
| 040 |
_aDLC _beng _erda _cDLC |
||
| 041 | _aeng | ||
| 080 | _a616.12 B-84 | ||
| 245 | 0 | 0 |
_aBraunwald's heart disease review and assessment / _c[edited by] Leonard S. Lilly. |
| 250 | _a11th edition. | ||
| 264 | 1 |
_aPhiladelphia, PA : _bElsevier, _c2019. |
|
| 300 |
_a298 p. _b30 cm. |
||
| 653 | _aმედიცინა | ||
| 653 | _aგულის დაავადებები | ||
| 653 | _aკარდიოლოგია | ||
| 700 |
_aLilly, Leonard S. _eრედაქტორი _99570 |
||
| 942 |
_2udc _cBK |
||
| 955 | _apc21 2018-07-17 | ||